000 01177nji a22002777a 4500
005 2010092100310.0
006 a|||||r|||||00| 0
007 sd ammalaaahaa
008 100830t xxu||||| |||| 00| 0 eng d
028 _aECLP.5986
_bHis Master's Voice
035 _aGR-07090
040 _aSED
_cSED
100 _917455
_aMangeshkar, Lata
245 _aHimalay ki godmein /
_csung by Lata Mangeshkar...[et.al]; music by Kalyanji Anandji
_h[sound recording] :
246 _aहिमालय की गोदमें / लता मंगेशकर द्वारा
260 _aDum Dum, India
_bHis Master's Voice
_c1985
300 _a1 sound disc [Gramophone Recording]:
_banalog, 33 1/3 rpm
_c12.5 in. (LP)
_fGramophone Record
500 _aBrief Record
500 _aRecord labels : His Master's Voice, Red
505 _aSide-1 Oonche himalay ki neeche (Lata Mangeshkar & Chorus) -- Side-2 ek tu jo mila (Lata Mangeshkar)
600 _aMangeshkar, Lata
_91184
650 _aFilm Songs
_zIndia
_91186
_xExcerpts
700 _aKalyanji Anandji
_920891
942 _2ddc
_cGR
999 _c47166
_d47166